Muppets Characters Quiz - Statistics

General Stats
  • This quiz has been taken 112 times
    108 since last reset
  • The average score is 18 of 36
Answer Stats
Answer % Correct
Kermit The Frog
100%
Miss Piggy
98%
Fozzie Bear
96%
Gonzo
94%
Animal
82%
Janice
78%
Dr. Teeth
76%
Rowlf The Dog
73%
Scooter
69%
Beaker
67%
Waldorf
67%
Floyd Pepper
65%
Rizzo The Rat
65%
Statler
65%
Zoot
65%
Sweetums
57%
Dr. Bunsen Honeydew
53%
Swedish Chef
53%
Robin The Frog
51%
Pepe The King Prawn
49%
Walter
47%
Sam Eagle
41%
Camilla
37%
Beauregard
33%
Bobo The Bear
31%
Lew Zealand
29%
Uncle Deadly
29%
Crazy Harry
27%
Bean Bunny
20%
Marvin Suggs
18%
Muppet Newsman
14%
Big Mean Carl
10%
Hilda
10%
Chip The IT Guy
8%
Foo Foo
8%
Beverly Plume
2%
No matching quizzes found
Score Distribution
Percent of People with Each Score
Percentile by Number Answered
Your Score History
You have not taken this quiz since the last reset